| 000 | 00000nas##2200000za#4500 |
| 001 | 9.508441 |
| 003 | CaOODSP |
| 005 | 20241210082315 |
| 007 | ta |
| 008 | 150406c1994||||xxc|| p #||||f| |0fre|d |
| 022 | |a0005-5158 |
| 040 | |aCaOODSP|bfre |
| 041 | |aeng |
| 041 | |afre |
| 043 | |an-cn--- |
| 086 | 1 |aFB12-4 |
| 110 | 2 |aBanque du Canada. |
| 245 | 10|aBulletin hebdomadaire de statistiques financières |
| 260 | |aOttawa - Ontario : |bBanque du Canada |c[19--?]-- le 28 décembre 2007. |
| 310 | |aHebdomadaire |
| 500 | |aAbonnement pour bibliothèques: 45 $ (Canada); 55 $ (États-Unis); 85 $ (Autres pays). |
| 500 | |aPublié seulement en version PDF à partir du 4 janvier 2008. À moins d'indication contraire, les données de cette publication n'ont pas été désaisonnalisées. |
| 520 | 3 |aCe recueil hebdomadaire de tableaux statistiques fait état de l’actif et du passif de la banque centrale du Canada. Il fournit des statistiques du marché financier, donne les cours du change, et dresse la liste des opérations à réméré de la Banque du Canada ainsi que des encours des titres du gouvernement du Canada et des effets à court terme des sociétés. Comprend les taux d’intérêt pour les bons du trésor, le papier commercial et les obligations à 10 ans des gouvernements, ainsi que les changements de l’indice des conditions monétaires et de l’indice des prix à la consommation. |
| 563 | |aPolycopié |
| 691 | 07|aOpération bancaire|2gcpds |
| 691 | 07|aMarché des valeurs|2gcpds |
| 691 | 07|aStatistiques économiques|2gcpds |
| 776 | 0#|tWeekly financial statistics |w(CaOODSP)9.500099 |
| 791 | |tWeekly financial statistics |eeng|w(CaOODSP)9.508440 |